00674nam a2200241 a 4500001001300000003000900013005001700022008004100039020001000080082001600090100001800106245002600124260003700150300000900187500003500196505001700231650002000248700001800268902000800286942000700294952011600301999001500417nice12345678IN_TiNIC20260116011440.0050524s1910 lona grp 000 0 eng  ac10000a296.09bMOR aMorrison, W D aJews Under Roman Rule aLondonbT.Fisher Unwin Ltdc1910 a426p aincludes index and biblioraphy2 aIndex, Illus aJudaism-History1 aMorrison, W D bSRS cBK 001040708StackRoom-aHMIbHMId2007-07-27g100.00l0o296.09 MORp00447r2007-07-27v100.00w2005-05-24yBK c1632d1632